1458 1868 1088 1708 1212 1439 1670 1013 1142 1303 1499 1394 1408 1451 1643 1451 1372 1560 1457 1487 1174 1641 1738 1357 1337 1084 1439 1642 1958 1469 1471 1703 1238 1304 1530 1365 1717 1547 1661 1334 1565 1834 1897 1852 1567 1455 1240 1882 1420 1174 1977 1654 1545 1147 1105 1202 1901 1674 1510 1651 1846 1115 1263 1565 1182 1633 1278 1853 1489 1027 1482 1264 1266 1179 1464 1854 1936 1396 1967 1882 1701 1308 1803 1801 1161 1885 1059 1026 1087 1102 1035 1862 1926 1169 1219 1042 1566 1899 1512 BCNSPRNW ULIB Ver.6.0+V

เปลี่ยนเป็นภาษาไทย

Change to English
 แสดงรายละเอียดบรรณานุกรม
  กลับหน้าหลัก

Brief Record : Get Marc (ISO 2709) : E-mail record : QR code < ปิดหน้าต่าง
LEADER : 00000nam 2200000uu 4500
001    13399120834
003     ULIB
008    121018s2548||||th 000 0 tha d
060  4 ^aQZ200^bส984ค
110 1  ^aกระทรวงสาธารณสุข^bกรมการแพทย์^bสถาบันมะเร็งแห่งชาติ^bศูนย์มะเร็งลพบุรี
245 00 ^aคู่มือโรคมะเร็งลำไส้ใหญ่และทวารหนัก/^cศูนย์มะเร็งลพบุรี
250    ^aพิมพ์ครั้งที่ 1
260    ^aลพบุรี:^bศูนย์มะเร็ง ลพบุรี,^c2548
300    ^a30 หน้า:^bภาพประกอบ
650  7 ^aการดูแลตนเอง^xผู้ป่วยมะเร็ง
945    ^p0^l0^i24311
945    ^p0^l0^i24096
945    ^p0^l0^i24097
945    ^p0^l0^i24098
945    ^p0^l0^i24099
945    ^p0^l0^i24100
945    ^p0^l0^i24101
945    ^p0^l0^i24102
945    ^p0^l0^i24103
995    ^aทศพร
999    ^aกัณชพร
รายการนี้ยังไม่มีแท็ก
คุณยังไม่ได้ล็อกอิน คุณสามารถมีกิจกรรมร่วมกับเว็บไซต์ได้ แต่ต้องล็อกอินก่อน ::
  ล็อกอิน

รายการสื่อสารสนเทศ

ลำดับที่ ประเภท เลขเรียก/บาร์โค้ด สถานที่ สถานะ
1. วิทยาศาสตร์การแพทย์ และสุขภาพ
วิทยาศาสตร์การแพทย์ และสุขภาพ
QZ200 ส984ค ฉ.1 
  Barcode: 24096
ห้องสมุดวิทยาเขตสวรรค์ประชารักษ์
►หนังสือทั่วไป
ถูกยืม กำหนดส่งวันที่ 11 พฤษภาคม 2558
  จอง
2. วิทยาศาสตร์การแพทย์ และสุขภาพ
วิทยาศาสตร์การแพทย์ และสุขภาพ
QZ200 ส984ค ฉ.2 
  Barcode: 24097
ห้องสมุดวิทยาเขตสวรรค์ประชารักษ์
►หนังสือทั่วไป
ถูกยืม กำหนดส่งวันที่ 11 พฤษภาคม 2558
  จอง
3. วิทยาศาสตร์การแพทย์ และสุขภาพ
วิทยาศาสตร์การแพทย์ และสุขภาพ
QZ200 ส984ค ฉ.3 
  Barcode: 24098
ห้องสมุดวิทยาเขตสวรรค์ประชารักษ์
►หนังสือทั่วไป
ถูกยืม กำหนดส่งวันที่ 11 พฤษภาคม 2558
  จอง
4. วิทยาศาสตร์การแพทย์ และสุขภาพ
วิทยาศาสตร์การแพทย์ และสุขภาพ
QZ200 ส984ค ฉ.4 
  Barcode: 24099
ห้องสมุดวิทยาเขตสวรรค์ประชารักษ์
►หนังสือทั่วไป
ถูกยืม กำหนดส่งวันที่ 11 พฤษภาคม 2558
  จอง
5. วิทยาศาสตร์การแพทย์ และสุขภาพ
วิทยาศาสตร์การแพทย์ และสุขภาพ
QZ200 ส984ค ฉ.5 
  Barcode: 24100
ห้องสมุดวิทยาเขตสวรรค์ประชารักษ์
►หนังสือทั่วไป
ถูกยืม กำหนดส่งวันที่ 11 พฤษภาคม 2558
  จอง
6. วิทยาศาสตร์การแพทย์ และสุขภาพ
วิทยาศาสตร์การแพทย์ และสุขภาพ
QZ200 ส984ค ฉ.6 
  Barcode: 24101
ห้องสมุดวิทยาเขตสวรรค์ประชารักษ์
►หนังสือทั่วไป
ถูกยืม กำหนดส่งวันที่ 11 พฤษภาคม 2558
  จอง
7. วิทยาศาสตร์การแพทย์ และสุขภาพ
วิทยาศาสตร์การแพทย์ และสุขภาพ
QZ200 ส984ค ฉ.7 
  Barcode: 24102
ห้องสมุดวิทยาเขตสวรรค์ประชารักษ์
►หนังสือทั่วไป
ถูกยืม กำหนดส่งวันที่ 11 พฤษภาคม 2558
  จอง
8. วิทยาศาสตร์การแพทย์ และสุขภาพ
วิทยาศาสตร์การแพทย์ และสุขภาพ
QZ200 ส984ค ฉ.8 
  Barcode: 24103
ห้องสมุดวิทยาเขตสวรรค์ประชารักษ์
►หนังสือทั่วไป
บนชั้น
9. วิทยาศาสตร์การแพทย์ และสุขภาพ
วิทยาศาสตร์การแพทย์ และสุขภาพ
QZ200 ส984ค ฉ.9 
  Barcode: 24311
ห้องสมุดวิทยาเขตสวรรค์ประชารักษ์
►หนังสือทั่วไป
ถูกยืม กำหนดส่งวันที่ 11 พฤษภาคม 2558
  จอง

BibComment


ยังไม่เคยถูกคอมเมนท์

คอมเมนท์ทรัพยากรรายการนี้
  คอมเมนท์: คู่มือโรคมะเร็งล..


 Copyright 2026. Bcnsprnw @Library